书目信息 |
| 题名: |
中国水稻害虫天敌名录
|
|
| 作者: | ;农业部全国植物保护总站 , 农业部区划局 , 浙江农业大学植物保护系 编 | |
| 分册: | ||
| 出版信息: | 北京 科学出版社 1991 |
|
| 页数: | 244页 | |
| 开本: | 26cm | |
| 丛书名: | ||
| 单 册: | ||
| 中图分类: | S435.112-61 | |
| 科图分类: | ||
| 主题词: | 植物--病虫害 , 植物--病虫害防治方法 | |
| 电子资源: | ||
| ISBN: | 7-03-002194-0 | |
| 000 | 00844nam0 2200229 45 | |
| 001 | 0301160972 | |
| 005 | 20031219104103.5 | |
| 010 | @a7-03-002194-0@dCNY16.00 | |
| 100 | @a20030116d1991 km y0chiy0120 ea | |
| 101 | 0 | @achi |
| 105 | @a z 000yy | |
| 200 | 1 | @a中国水稻害虫天敌名录@AZhong Guo Shui Dao Hai Chong Tian Di Ming Lu@f农业部全国植物保护总站,农业部区划局,浙江农业大学植物保护系编@FNong Ye Bu Quan Guo Zhi Wu Bao Hu Zong Zhan,Nong Ye Bu Qu Hua Ju,Zhe Jiang Nong Ye Da Xue Zhi Wu Bao Hu Xi Bian |
| 210 | @a北京@c科学出版社@d1991 | |
| 215 | @a244页@d26cm | |
| 606 | 0 | @a植物@x病虫害 |
| 606 | 0 | @a植物@x病虫害防治方法 |
| 690 | @aS435.112-61@v4 | |
| 711 | 02 | @a农业部全国植物保护总站@4编 |
| 711 | 02 | @a农业部区划局@4编 |
| 711 | 02 | @a浙江农业大学植物保护系@4编 |
| 801 | @aCN@bTSTC@c20030116 | |
| 905 | @b319393-394@dS435.112-61@e19@f2 | |
| 中国水稻害虫天敌名录/农业部全国植物保护总站,农业部区划局,浙江农业大学植物保护系编.-北京:科学出版社,1991 |
| 244页;26cm |
| ISBN 7-03-002194-0:CNY16.00 |
| ● |
| 相关链接 |
|
|
|
|
正题名:中国水稻害虫天敌名录
索取号:S435.112-61/19
 
预约/预借
| 序号 | 登录号 | 条形码 | 馆藏地/架位号 | 状态 | 备注 |
| 1 | 0319393 | 203193935 | 第三借阅区/ [索取号:S435.112-61/19] | 在馆 | |
| 2 | 0319394 | 203193944 | 第二样本阅览室/ [索取号:S435.112-61/19] | 在馆 |